| 000 -Etiqueta do registo | |
|---|---|
| campo de controlo de comprimento fixo | 005490000a22001930004500 |
| 001 - Identificador do registo | |
| Campo de controlo | 61320 |
| 010 ## - ISBN | |
| Número (ISBN) | 978-989-97605-2-3 |
| 100 ## - Dados Gerais de Proc. | |
| Dados gerais de processamento | 20041130d2012 a||y0pory5003 ba |
| 101 0# - Língua da publicação | |
| Língua do texto, banda sonora, etc. | Português |
| 102 ## - País de Publicação | |
| País de publicação | Portugal |
| 200 1# - Título | |
| Título próprio | Branca de Neve |
| Primeira menção de responsabilidade | adapt. de Suzanne Kabok |
| Outras menções de responsabilidade | trad. Elisabete Ramos |
| 210 ## - Publicação, Distribuição | |
| Lugar da edição, distribuição, etc. | Braga |
| Nome do editor, distribuidor, etc. | Paleta de Letras |
| Data da publicação, distribuição, etc. | 2012 |
| 215 ## - Descrição física | |
| Descrição física | 44 p. |
| Outras indicações físicas | il |
| 606 ## - Nome comum | |
| Elemento de entrada | Literatura para crianças e jovens |
| 675 ## - CDU | |
| Notação | 821.112.2-34 |
| Edição | BN |
| Língua da edição | Português |
| 090 ## - Números de controlo do sistema (Koha) | |
| Número biblioitem do Koha (gerado automaticamente) | 61320 |
| 942 ## - Elementos de entrada adicionados (Koha) | |
| Tipo de item no Koha | Monografias |
| Suprimido | Disponível no OPAC |
| 999 ## - Campo local | |
| Campo local | 15170 |
| Perdido (estado) | Data de aquisição | Origem do registo (biblioteca) (codificado) | Código da organização que empresta ou é detentora (biblioteca) | Código de barras | Número de inventário | Cota | Tipo de circulação (não pode ser emprestado) | Tipo de item e material |
|---|---|---|---|---|---|---|---|---|
| Disponível | 2020-11-05 | Biblioteca EB23 D. Paio Peres Correia | Biblioteca EB23 D. Paio Peres Correia | BEBDPPC8029 | 8029 | 82.03-34 KAB | Normal | Monografias |